El hombre gramatical: información, entropía lenguaje y vida

Guardat en:
Dades bibliogràfiques
Autor principal: Campbell, Jeremy (Autor)
Format: Llibre
Idioma:espanyol
Publicat: Ciudad de México Fondo de Cultura Económica 1989
Col·lecció:Colección popular, 389
Matèries:
Etiquetes: Afegir etiqueta
Sense etiquetes, Sigues el primer a etiquetar aquest registre!

MARC

LEADER 00000nam a2200000 a 4500
001 UCX2939
003 CL-VaPUC
008 910909e19890000MX |||||||||||||||||spa|d
020 |a 9681629485 
082 0 4 |a 410  |b CAM  |2 21 
100 0 |a Campbell, Jeremy  |e author  |9 319050 
245 1 3 |a El hombre gramatical: información, entropía lenguaje y vida 
300 |a 418 p 
942 |c BK 
945 |d 19910909 00:00:00 
260 |a Ciudad de México  |b Fondo de Cultura Económica  |c 1989 
650 7 |a ENTROPIA TEORIA DE LA INFORMACION  |2 CL-VaPUC  |9 319051 
650 0 |a Lenguaje y lenguas  |9 265846 
650 0 |a Gramática histórica  |9 314729 
650 0 |a Lingüística  |9 265068 
583 |a last modification  |c 19910909 00:00:00  |k Rodrigo Vera 
490 0 |a Colección popular, 389 
999 |c 223838  |d 223836 
952 |0 0  |1 0  |4 0  |6 410_000000000000000_CAM_1989  |7 0  |8 A  |9 220048  |a BIBEDU  |b BIBEDU  |d 2019-11-15  |i 2887223  |o 410 CAM 1989  |p 2887223  |r 2019-11-15  |w 2019-11-15  |y BK  |k LIT